| 000 | 00856nam a2200241 a 4500 | ||
|---|---|---|---|
| 001 | BRCA_2293 | ||
| 005 | 20190320203739.0 | ||
| 008 | 870909s1985 mx-f---##b---#100-0#spa-# | ||
| 020 | _a9688376590 | ||
| 040 |
_aDLC _cDLC _dDLC |
||
| 041 | _aspaengfreita | ||
| 050 | 4 |
_aN333 _b.A23 1985 |
|
| 245 | 1 | 0 |
_aLas academias de arte _bVII Coloquio Internacional en Guanajuato. |
| 260 |
_aMéxico _bUNAM, Instituto de Investigación Estéticas _c1985 |
||
| 300 |
_a362 p. _bil. _c23 cm. |
||
| 440 | 0 |
_aEstudios de arte y estética _v18 _96865 |
|
| 546 | _aTexto en : español, inglés, francés e italiano | ||
| 650 | 1 | 4 |
_aEscuela de arte _vCongresos _zMéxico _96866 |
| 650 | 1 | 4 |
_aEscuelas de arte _vCongresos _zFrancia _96867 |
| 650 | 1 | 4 |
_aArte _xEstudio y enseñanza _zMéxico _96868 |
| 650 | 1 | 4 |
_aArte _vCongresos _xEstudio y enseñanza _zFrancia _96869 |
| 942 |
_2lcc _cB |
||
| 999 |
_c2038 _d2038 |
||